Регионална библиотека "Любен Каравелов" - Русе

История на музиката (Запис номер 116023)

MARC детайли
000 -Лидер
Контролно поле с фиксирана дължина 01514nam a2200337 c 4500
003 - Код на организацията, давaща контролен номер
Контролно поле BLK
005 - Дата и час на последна редакция
Контролно поле 20221129105952.0
008 - Елементи от данни с фиксирана дължина
fixed length control field 180409b bul|||||r ||||||| ||bul||
010 ## - Наследен системен номер
LC control number KNG00121551000
040 ## - Източник на каталожния запис
Идентификатор на билиотеката - собственик на записа BLK
041 ## - Код за език
Код за езика на текст/звукозапис или на отделно заглавие Български
Код за езика КДБФ Български
080 ## - УДК
Текстов определител УДК История на музиката
УДК код - определител по УДК 78.03
УДК определител (075.8)
УДК - код + определител 78.03(075.8)
139 ## - Редно поле
Редна дума История на музиката
Авторски знак Истор - И 95
245 10 - Сведения за заглавието
Заглавие История на музиката
Подзаглавни данни Учебник за студентите от Бълг. държ. консерватория : Ч. 1 -
Редно поле (дума) състав. Михаил Друскин; прев. на том Киприана Беливанова.
Том Ч. 4
Заглавие на том Втората половина на ХIХ век
250 ## - Област на изданието
Сведения за изданието 2. изд.
257 ## - Страна на издаване
Страна на създаване/издаване СССР
260 ## - Област на издателските данни
Място на издаване, разпространение и проч. София
Име на издателя, разпространителя и проч. Музика
Година на издаване 1982
300 ## - Физическа характеристика
Размери/Мащаб 22 см
380 ## - Жанр
Жанр Изкуство
500 ## - Общи забележки
Забележка Ориг. загл. История зарубежной музыки
650 #4 - Допълнително описание по предмет – тема
Основно описание – тема или топоним Музика - история
9 (RLIN) 249453
653 ## - Ключова дума – ненормативна
Ключова дума история на музиката
700 1# - Други автори (авторска отговорност)
Лично име Друскин, Михаил
Автороска отговорност (Описва отношението между автора и произведението) състав.
9 (RLIN) 376367
700 1# - Други автори (авторска отговорност)
Лично име Беливанова, Киприана
Автороска отговорност (Описва отношението между автора и произведението) прев. на том
9 (RLIN) 314458
760 1# - Описание на основната серия
Издание 2. изд.
Място на издаване, издател и година 1987
Страници - том 648 с. : с ноти
Забележка - том 1. изд. 1976.
Заглавие Ч. 4 Втората половина на ХIХ век
852 ## - Местоположение
Форматна сигнатура Цб 99671
856 4# - Електронен адрес и достъп
Електронен формат pdf - файл
Инструкция (цена за достъп) 0.00
Права за достъп disable
856 4# - Електронен адрес и достъп
Електронен формат pdf - файл
Инструкция (цена за достъп) 0.00
Права за достъп disable
999 ## - СИСТЕМНИ КОНТРОЛНИ НОМЕРА
Koha biblionumber 116023
Koha biblioitemnumber 116023
942 ## - АРТИКУЛИ
Вид на библиотечния материал Книги
Скрит в OPAC Не
Периодичен библиозапис Да
944 ## - СЪЗДАВАНЕ И РЕДАКЦИЯ на ЗАПИСА
Създаване/Редакция Създаване
Дата на регистрацията/редакция 01.03.2011
Статус, дата на статуса добави в АБ / 28.02.2011
Служител, извършил регистрацията/редакцията Ирена_Линкова
944 ## - СЪЗДАВАНЕ И РЕДАКЦИЯ на ЗАПИСА
Създаване/Редакция Редакция
Дата на регистрацията/редакция 28.02.2014
Статус, дата на статуса добави в АБ / 28.02.2011
944 ## - СЪЗДАВАНЕ И РЕДАКЦИЯ на ЗАПИСА
Създаване/Редакция Редакция
Дата на регистрацията/редакция 2022-11-29
Служител, извършил регистрацията/редакцията Христина Везирева
999 ## - СИСТЕМНИ КОНТРОЛНИ НОМЕРА
Koha biblioitemnumber 116023
Наличности
Код за отписване Код за изгубен артикул Източник на класификационната схема Код за повреда Коз за рестрикции Код за отдаване Артикулен № Име на библиотеката - собственик Име на библиотеката, в която се намира в момента Статус (Текущо местоположение) Дата на вписване в системата Местоположение - отдел Цена в лева Инвентарен номер Систематично азбучна сигнатура Баркод Номер на екземпляра Цена в евро Служебна бележка Служебен тип на артикула
  Не е изгубен Universal Decimal Classification Не е повреден само за читалня ползва се в читалня 186714 Регионална библиотека "Любен Каравелов" Русе Регионална библиотека "Любен Каравелов" Русе Хранилище 1987-01-01 Хранилище 2.24 486049 Цб 99671 120000486049 1 1.15 Дост: Dp Вид: Д N: стар фонд Дата: 01.01.1987 Книги
  Не е изгубен Universal Decimal Classification Не е повреден без рестрикции заемане за дома 186715 Регионална библиотека "Любен Каравелов" Русе Регионална библиотека "Любен Каравелов" Русе Отдел Изкуство - подръчен фонд 1987-01-01 Отдел Изкуство - подръчен фонд 2.24 489269 78.03/И 95 120000489269 2 1.15 Дост: Pk Вид: Ф N: стар фонд Дата: 01.01.1987 Дата инв: 03.04.2017 Бележки инв: ИП2017 Книги
Изтеглен Не е изгубен Universal Decimal Classification Не е повреден без рестрикции заемане за дома 186716 Регионална библиотека "Любен Каравелов" Русе Регионална библиотека "Любен Каравелов" Русе Отчислена 1987-01-01 Отдел Изкуство - подръчен фонд 2.24 489270 78.03/И 95 489270 3 1.15 Дост: Pk Вид: Ф N: стар фонд Дата: 01.01.1987 Книги
Изтеглен Не е изгубен Universal Decimal Classification Не е повреден без рестрикции заемане за дома 186717 Регионална библиотека "Любен Каравелов" Русе Регионална библиотека "Любен Каравелов" Русе Отдел Изкуство - подръчен фонд 1987-01-01 Отдел Изкуство - подръчен фонд 2.24 489271 78.03/И 95 489271 4 1.15 Дост: Pk Вид: Ф N: стар фонд Дата: 01.01.1987 Дата инв: 03.04.2017 Бележки инв: ИП2017 Книги
  Не е изгубен Universal Decimal Classification Не е повреден без рестрикции заемане за дома 186718 Регионална библиотека "Любен Каравелов" Русе Регионална библиотека "Любен Каравелов" Русе Отдел Изкуство - подръчен фонд 1987-01-01 Отдел Изкуство - подръчен фонд 0.08 580900 78.03/И 95 120000580900 5 0.04 Дост: Pk Вид: Ф N: стар фонд Дата: 01.01.1987 Дата инв: 03.04.2017 Бележки инв: ИП2017 Книги
Изтеглен Не е изгубен Universal Decimal Classification Не е повреден без рестрикции заемане за дома 186719 Регионална библиотека "Любен Каравелов" Русе Регионална библиотека "Любен Каравелов" Русе Отдел Изкуство - подръчен фонд 1987-01-01 Отдел Изкуство - подръчен фонд 2.24 613515 78.03/И 95 613515 6 1.15 Дост: Pk Вид: Ф N: стар фонд Дата: 01.01.1987 Дата инв: 03.04.2017 Бележки инв: ИП2017 Книги
Изтеглен Не е изгубен Universal Decimal Classification Не е повреден без рестрикции заемане за дома 186720 Регионална библиотека "Любен Каравелов" Русе Регионална библиотека "Любен Каравелов" Русе Отдел Изкуство - подръчен фонд 1987-01-01 Отдел Изкуство - подръчен фонд 2.24 650538 78.03/И 95 120000650538 7 1.15 Дост: Pk Вид: Ф N: стар фонд Дата: 01.01.1987 Дата инв: 19.06.2012 Бележки инв: * Книги
Vip Innovations Ltd, Rousse, Bulgaria 2025